000 00687nam a2200181Ia 4500
008 090711s9999 xx 000 0 und d
082 _b1717
100 _aर्बSा बेव्हर्ली
245 _aअॅलेक्झांडर फ्लेमिंग
260 _bऑक्टोपस बुक्स
_c1997
300 _a64
600 _aर्बSा बेव्हर्ली
630 _aअॅलेक्झांडर फ्लेमिंग
700 _aनाडकर्णी सुरेश
700 _aर्बSा बेव्हर्ली
730 _aअॅलेक्झांडर फ्लेमिंग
942 _cBOOK
999 _c325187
_d325187